Statistics for 1960s Movies #2

Click here to take the quiz!

General Stats

  • This quiz has been taken 625 times
  • The average score is 6 of 10

Answer Stats

Hint Answer % Correct
Ben only wants to lie in the sun, drink beer and watch TV after his graduation.The Graduate
86%
"Raindrops Keep Falling on..." Paul Newman and Robert Redford's heads.Butch Cassidy and the Sundance Kid
76%
Hours and hours of some guys trying to escape a prisoner-of-war camp but then STEVE MCQUEEN JUMPS OVER A FENCE WITH HIS MOTORCYCLE!The Great Escape
75%
Mickey Rooney makes fun of Asians, Audrey Hepburn smokes cigarettes.Breakfast at Tiffany's
64%
They Shoot Movies, Don't They? (Please replace one word)They Shoot Horses, Don't They?
63%
Not even control freak Stanley Kubrick could hinder Peter Sellers from practically improvising most of his acting (3 roles) in this movie.Dr. Strangelove
59%
The Beatles fight an evil cult. The soundtrack was released as one of their albums.Help!
56%
Cary Grant was supposed to play a sophisticated globetrotting womanizer, but along came a Scottish ex-bodybuilder. First official installment of a quite famous franchise.Dr. No
44%
Text on a poster that shows the director pointing at his watch: „It is required that you see ‚[title]‘ from the very beginning. The manager of this theatre has been instructed at the risk of his life, not to admit to the theatre any persons after the picture starts. Any spurious attempts to enter by side doors, fire escapes or ventilating shafts will be met by force. The entire objective of this extraordinary policy, of course, is to help you enjoy ‚[title]‘ more.“Psycho
40%
Ingmar Bergman's experimental film about an actress who suddenly refuses to talk and therefore takes off the mask that gives this film its name.Persona
18%

Score Distribution

Percentile by Number Answered

Percent of People with Each Score

Your Score History

You have not taken this quiz